Eastern Utah Libraries Catalog: Duchesne, Heber, Roosevelt, & Vernal

Major Pettigrew's last stand : (Record no. 232302)

MARC details
000 -LEADER
fixed length control field 01846cam a2200445 i 4500
001 - CONTROL NUMBER
control field sky234739681
003 - CONTROL NUMBER IDENTIFIER
control field SKY
005 - DATE AND TIME OF LATEST TRANSACTION
control field 20180423150156.0
008 - FIXED-LENGTH DATA ELEMENTS--GENERAL INFORMATION
fixed length control field 101129r20112010nyu 000 f eng d
010 ## - LIBRARY OF CONGRESS CONTROL NUMBER
LC control number 2009022231
020 ## - INTERNATIONAL STANDARD BOOK NUMBER
International Standard Book Number 9780812981223
020 ## - INTERNATIONAL STANDARD BOOK NUMBER
International Standard Book Number 0812981227
040 ## - CATALOGING SOURCE
Original cataloging agency GO3
Language of cataloging eng
Transcribing agency GO3
Modifying agency BTCTA
-- YDXCP
-- SKYRV
Description conventions rda
Modifying agency CoLwJCPL
043 ## - GEOGRAPHIC AREA CODE
Geographic area code e-uk-en
050 14 - LIBRARY OF CONGRESS CALL NUMBER
Classification number PS3619.I56294
Item number M35 2011
082 04 - DEWEY DECIMAL CLASSIFICATION NUMBER
Classification number 813/.6
Edition number 22
092 ## - LOCALLY ASSIGNED DEWEY CALL NUMBER (OCLC)
Classification number fiction
099 #9 - LOCAL FREE-TEXT CALL NUMBER (OCLC)
Classification number FICTION
100 1# - MAIN ENTRY--PERSONAL NAME
Personal name Simonson, Helen.
9 (RLIN) 5744542
245 10 - TITLE STATEMENT
Title Major Pettigrew's last stand :
Remainder of title a novel /
Statement of responsibility, etc Helen Simonson.
250 ## - EDITION STATEMENT
Edition statement Random House Trade paperback edition.
264 #1 - Production, Publication, Distribution, Manufacture, and Copyright Notice.
Place of production, publication, distribution, manufacture New York :
Name of producer, publisher, distributor, manufacturer Random House,
Date of production, publication, distribution, manufacture, or copyr 2011.
264 #4 - Production, Publication, Distribution, Manufacture, and Copyright Notice.
Date of production, publication, distribution, manufacture, or copyr ©2010.
300 ## - PHYSICAL DESCRIPTION
Extent 368 pages ;
Dimensions 21 cm.
336 ## - Content Type
Content type term text
337 ## - Media type
Media type term unmediated
338 ## - Carrier type
Carrier type term volume
500 ## - GENERAL NOTE
General note Originally published in 2010.
500 ## - GENERAL NOTE
General note Includes a reader's guide.
520 ## - SUMMARY, ETC.
Summary, etc Major Ernest Pettigrew (retired) leads a quiet life in the village of St. Mary, England, until his brother's death sparks an unexpected friendship with Mrs. Jasmina Ali, the Pakistani shopkeeper from the village. Drawn together by their shared love of literature and the loss of their respective spouses, the Major and Mrs. Ali soon find their friendship blossoming into something more. But will their relationship survive in a society that considers Ali a foreigner?
650 #0 - SUBJECT ADDED ENTRY--TOPICAL TERM
Topical term or geographic name as entry element Widows
Form subdivision Fiction.
9 (RLIN) 5744543
650 #0 - SUBJECT ADDED ENTRY--TOPICAL TERM
Topical term or geographic name as entry element Widowers
Form subdivision Fiction.
9 (RLIN) 5673770
650 #0 - SUBJECT ADDED ENTRY--TOPICAL TERM
Topical term or geographic name as entry element Pakistanis
Geographic subdivision England
Form subdivision Fiction.
9 (RLIN) 5744544
650 #0 - SUBJECT ADDED ENTRY--TOPICAL TERM
Topical term or geographic name as entry element Interracial friendship
Form subdivision Fiction.
9 (RLIN) 5716647
650 #0 - SUBJECT ADDED ENTRY--TOPICAL TERM
Topical term or geographic name as entry element Retirees
Form subdivision Fiction.
9 (RLIN) 5711662
650 #0 - SUBJECT ADDED ENTRY--TOPICAL TERM
Topical term or geographic name as entry element Country life
Geographic subdivision England
Form subdivision Fiction.
9 (RLIN) 5744545
655 #7 - INDEX TERM--GENRE/FORM
Genre/form data or focus term Romance fiction.
Source of term lcgft.
9 (RLIN) 5683255
907 ## - LOCAL DATA ELEMENT G, LDG (RLIN)
a .b260619231
942 ## - ADDED ENTRY ELEMENTS (KOHA)
Source of classification or shelving scheme Dewey Decimal Classification
Koha item type BOOK
Holdings
Withdrawn status Lost status Source of classification or shelving scheme Damaged status Not for loan Collection code Home library Current library Shelving location Date acquired Source of acquisition Total Checkouts Total Renewals Full call number Barcode Date last seen Date checked out Cost, replacement price Price effective from Koha item type
    Dewey Decimal Classification     Fiction Wasatch County Library Wasatch County Library First Floor 08/11/2021 Donation 3 3 F Simonson 34301001870221 03/05/2026 02/05/2026 15.00 08/11/2021 BOOK
This project was made possible through a grant from the Institute of Museum and Library Service administered by the Utah State Library Division.

Wasatch County Library

  • 465 East 1200 South, Heber City, Utah 84032
  • Phone 435-654-1511 | Fax 435-654-6456

Hours

  • Monday - Friday 9:30 AM - 8:00 PM
  • Saturday 9:30 AM - 1:30 PM
  • Closed Sundays and Holidays